00810 2200301 4500001002100000005001500021035002000036007000300056040001700059100003900076245003400115250001200149300004600161041000800207082001000215084001600225090002300241264004000264336002100304337003000325338002300355650001300378850001000391008004100401020002200442990002200464990002200486INLIS00000000000552520260508020745 a0010-0222000615ta aSBPUPADbInd0 aMuhammad Muhammad BadriePengarang1 aSentuhan Jiwa Untuk Anak Kita a.-Cet.2 axxviii, 896 hlm. :bIlus. ;c16,5x24,4 cm1 aInd a297.5 a297.5 BAD s a297.557 ZUA j 2 18 a.--Bekasi :bDaun Publishing,c2016 2rdacontentateks 2rdamediaatanpa perantara 2rdacarrieravolume 4aKeluarga aPUPAD260508 0  a978-602-7545-03-8 a23.990/H/DPK/2012 a23.991/H/DPK/2012